Producing with passion / (Record no. 3981)

000 -LEADER
fixed length control field 01085cam a2200277 a 4500
001 - CONTROL NUMBER
control field 15198146
003 - CONTROL NUMBER IDENTIFIER
control field OSt
005 - DATE AND TIME OF LATEST TRANSACTION
control field 20180605085226.0
008 - FIXED-LENGTH DATA ELEMENTS--GENERAL INFORMATION
fixed length control field 080228s2008 caua 001 0 eng
010 ## - LIBRARY OF CONGRESS CONTROL NUMBER
LC control number 2008009425
020 ## - INTERNATIONAL STANDARD BOOK NUMBER
International Standard Book Number 9781932907445 (pbk.)
040 ## - CATALOGING SOURCE
Original cataloging agency DLC
Transcribing agency DLC
Modifying agency DLC
050 00 - LIBRARY OF CONGRESS CALL NUMBER
Classification number PN1995.9.F33 2008
082 00 - DEWEY DECIMAL CLASSIFICATION NUMBER
Classification number 791.4302/32
Edition number 22
100 1# - MAIN ENTRY--PERSONAL NAME
Personal name Fadiman, Dorothy.
245 10 - TITLE STATEMENT
Title Producing with passion /
Statement of responsibility, etc Dorothy Fadiman & Tony Levelle.
260 ## - PUBLICATION, DISTRIBUTION, ETC. (IMPRINT)
Place of publication, distribution, etc Studio City, CA :
Name of publisher, distributor, etc Michael Wiese Productions,
Date of publication, distribution, etc c2008.
300 ## - PHYSICAL DESCRIPTION
Extent xviii, 266 p. :
Other physical details ill. ;
Dimensions 23 cm.
500 ## - GENERAL NOTE
General note Includes index.
650 #0 - SUBJECT ADDED ENTRY--TOPICAL TERM
Topical term or geographic name as entry element Motion pictures
General subdivision Production and direction.
700 1# - ADDED ENTRY--PERSONAL NAME
Personal name Levelle, Tony,
Dates associated with a name 1944-
856 41 - ELECTRONIC LOCATION AND ACCESS
Materials specified Table of contents only
Uniform Resource Identifier <a href="http://www.loc.gov/catdir/toc/ecip0812/2008009425.html">http://www.loc.gov/catdir/toc/ecip0812/2008009425.html</a>
906 ## - LOCAL DATA ELEMENT F, LDF (RLIN)
a 7
b cbc
c orignew
d 1
e ecip
f 20
g y-gencatlg
942 ## - ADDED ENTRY ELEMENTS (KOHA)
Source of classification or shelving scheme
Koha item type Book
Holdings
Withdrawn status Lost status Source of classification or shelving scheme Damaged status Not for loan Home library Current library Shelving location Date acquired Total Checkouts Full call number Barcode Date last seen Date checked out Copy number Price effective from Koha item type
          Riara University Library Riara University Library General stack 05/06/2018 1 PN1995.9.F33 2008 10037/18 14/05/2019 14/05/2019 C.1 05/06/2018 Book
          Riara University Library Riara University Library General stack 05/06/2018   PN1995.9.F33 2008 10038/18 05/06/2018   C.2 05/06/2018 Book

Riara University Library,
P.O. Box 49940-00100,
Nairobi, Kenya.